| 000 | 00715nam a22002177a 4500 | ||
|---|---|---|---|
| 003 | OSt | ||
| 005 | 20170413113714.0 | ||
| 008 | 170413s1999 sp |||||| 000 ||spa|d | ||
| 020 | _a843093314X | ||
| 040 |
_aES-BaCBU _bcat _cCDMR |
||
| 080 | _a316.77:17 | ||
| 245 | 0 | 0 |
_aÉtica de la comunicación audiovisual _b: materiales para una "ética mediática" / _cEnrique Bonete Perales (editor) |
| 260 |
_aMadrid : _bTecnos, _ccop. 1999 |
||
| 300 |
_a279 p.; _c22 cm |
||
| 504 | _aReferències bibliogràfiques | ||
| 650 | 0 | 4 | _aÈtica periodística |
| 650 | 0 | 4 | _aComunicació audiovisual |
| 650 | 0 | 4 |
_aMitjans de comunicació de massa _xAspectes ètics i morals |
| 700 | 1 |
_aBonete Perales, Enrique _92703 |
|
| 942 | _cMON | ||
| 999 |
_c7014 _d7014 |
||